000 00645nam a22001817a 4500
003 UA-OsUOA
001 15661
007 ta
008 20031201b un ||||| |||| 00| 0 ukr d
100 _aМиколайчук Д.
942 _cSA
040 _aUA-OsUOA
_cUA-OsUOA
_dUA-OsUOA
245 _aСправа його життя
_b[Про роботу Пенсійного фонду України її головного упр. в Рівнен. обл. Очолює упр. Білан М.О.]
300 _aС.3
955 _a0
773 0 _w0
_tВільне слово
_dРівне
_d2003
_g№94/26 листоп./
650 7 _aБілан М.О.
_2UDC
999 _c301826
_d301826